01947cam a22003734i 4500003000900000005001700009008004100026020001500067035002700082040003300109049000900142082002600151100004200177245017600219264003800395300003900433336002100472337002500493338002300518505049200541526000901033526000901042526000801051526000801059526000801067630005301075630002801128650002801156942001501184949012701199980005501326999001701381952017501398PE-LiUPU20250731184058.0150623s1993 xxu r 000 0 eng d a1883053021 a(Sirsi) i9781883053024 aPE-LiUPUbspacPE-LiUPUerda aPRUA04a809.935 22bR116w2231 aRabinowitz, Isaac,eautor.d1909-198812aA witness forever :bancient Israel's perception of literature and the resultant Hebrew Bible /cIsaac Rabinowitz ; edited with afterwords by Ross Brann and David I. Owen. 1aBethesda, MD :bCDL Press,c1993. a148 páginas ;c24 centímetros. atext2rdacontent aunmediated2rdamedia avolume2rdacarrier0 aAncient Israel's belief about words: how the creators of the Hebrew Bible perceived the medium of literature -- Ancient Israel's belief about the literary process -- Some "Anomalous" literary and rhetorical consequences of ancient Israel's perception of literature -- Textual consequences of ancient Israel's conceptions of "Holy words" -- The nature and function of the book of the Upright: an ancient lietrary forerunner of the Hebrew Bible -- The Hebrew scriptures as a literary unit. aP145 aP127 aP97 aP14 aP0704aBiblia.pA.T.xCrítica, interpretación, etc.04aBiblia.pA.T.xFuentes.14aBiblia como literatura. 2ddccBKn0 a809.935 22 R116wwDEWEYc1i44863lCCODEBUL1mBULr0sYtBOOKu2015-6-24xTEOLOGIA0COMPRAo.STAFF. Colección Teología 81gALBERTO SANCHEZ Responsable de Automatización c21738d21738 r2025-12-03 00:00:00i6l0o809.935 22 R116wp44863te1v35.00w2015-06-24xFTyBKzinventario-2023-12-13102ddc50708GENfP35aBULbBULcGENd2015-06-24eCOMPRAg30.00